[Event "Deizisau Autumn op 17th"]
[Site "Deizisau"]
[Date "2023.10.28"]
[Round "2"]
[White "Coellen, Florian"]
[Black "Brodbeck, Stefan"]
[Result "1-0"]
[WhiteElo "1904"]
[BlackElo "2186"]
[PlyCount "75"]
[EventDate "2023.10.27"]
[EventType "swiss"]
[EventRounds "7"]
[EventCountry "GER"]
[SourceTitle "Mega2024 Update 01"]
[Source "Chessbase"]
[SourceDate "2023.11.12"]
[SourceVersion "1"]
[SourceVersionDate "2023.11.12"]
[SourceQuality "1"]

1. e4 c5 2. Nc3 g6 3. d4 Bg7 4. dxc5 Qa5 5. Bd2 Qxc5 6. g3 d6 7. Bg2 Nf6 8. Be3 Qa5 9. Bd2 Qb6 10. Nge2 Nc6 11. 0-0 h5 12. h4 Ne5 13. Rb1 Bd7 14. b3 Rc8 15. Nd5 Nxd5 16. exd5 Ng4 17. c3 Be5 18. Qe1 Bf5 19. Rc1 Bd3 20. Bf4 Bxf4 21. gxf4 Qa6 22. c4 0-0 23. Qd2 Bf5 24. Nd4 Nh6 25. Rfe1 Rce8 26. Re2 Bg4 27. f3 Bd7 28. Rce1 Qb6 29. Kh2 Qd8 30. Bh3 Kh7 31. f5 Bxf5 32. Nxf5 gxf5 33. Qg5 e6 34. dxe6 fxe6 35. Rxe6 Rxe6 36. Rxe6 Qxg5 37. hxg5 Nf7 38. g6+ 1-0

[Event "Deizisau Autumn op 14th"]
[Site "Deizisau"]
[Date "2019.10.28"]
[Round "6"]
[White "Kraft, Julian"]
[Black "Coellen, Florian"]
[Result "1/2-1/2"]
[WhiteElo "2062"]
[BlackElo "1873"]
[PlyCount "115"]
[EventDate "2019.10.25"]
[EventType "swiss"]
[EventRounds "7"]
[EventCountry "GER"]
[SourceTitle "CBM 192 Extra"]
[Source "Chessbase"]
[SourceDate "2019.11.06"]
[SourceVersion "1"]
[SourceVersionDate "2019.11.06"]
[SourceQuality "1"]

1. c4 Nf6 2. g3 e6 3. Nf3 d5 4. b3 Be7 5. Bb2 0-0 6. Bg2 c5 7. cxd5 exd5 8. d4 b6 9. 0-0 Bb7 10. Ne5 Nbd7 11. Nxd7 Qxd7 12. Nc3 Rfd8 13. Rc1 Rac8 14. Rc2 Qf5 15. Ba3 Ne4 16. Nxe4 dxe4 17. Rd2 Bg5 18. e3 Ba6 19. Re1 Bd3 20. f3 Re8 21. Rf2 Qe6 22. dxc5 bxc5 23. h4 Bf6 24. Kh2 Bc3 25. Bh3 Qc6 26. Bxc8 Bxe1 27. Qxe1 Rxc8 28. fxe4 Qxe4 29. Rf4 Qe6 30. Bb2 f6 31. Qc1 c4 32. bxc4 Rxc4 33. Rxc4 Qxc4 34. Qxc4+ Bxc4 35. a3 Kf7 36. Kg2 Bd5+ 37. Kf2 h5 38. Bd4 a5 39. Bb6 a4 40. Bd8 g6 41. Ke2 Ke6 42. Kd3 f5 43. Kd4 Be4 44. Ba5 Bc2 45. Kc5 Be4 46. Bc7 Bd5 47. Bf4 Be4 48. Kb5 Bc2 49. Kc6 Be4+ 50. Kc7 Bc2 51. Kd8 Kf7 52. Kd7 Bb1 53. Bg5 Be4 54. Kd6 Bb1 55. Bd8 Bc2 56. Ke5 Be4 57. Kf4 Bb1 58. Kg5 1/2-1/2